Manual de técnicas didácticas

Guardat en:
Dades bibliogràfiques
Autor corporatiu: Instituto Nacional de Fomento Cooperativo (Costa Rica)
Format: Text
Publicat: San José: INFOCOOP Publicaciones
Etiquetes: Afegir etiqueta
Sense etiquetes, Sigues el primer a etiquetar aquest registre!

MARC

LEADER 00000 a a2200000 04500
001 17159
003
040
090 |a 004900  
110 |a Instituto Nacional de Fomento Cooperativo (Costa Rica)  
245 |a Manual de técnicas didácticas  
260 |a San José:   |b INFOCOOP Publicaciones  
300 |a 28 p.  
999 |c 14457  |d 14457